000 01512nam a22002657a 4500
003 OSt
005 20260305073957.0
008 201104b 2020 dr 00| 0 eng d
040 _aDO-SdBNP
_bspa
_cBNPHU
082 4 _a320.97293
_bF363s, 2020-2024
_222
100 1 _aFernández, Leonel,
_d1953-
_97291
245 1 0 _aSiete pilares para una nueva ola de transformaciones en la República Dominicana /
_bprograma de gobierno 2020-2024.
_cLeonel Fernández
260 _aSanto Domingo :
_bFuerza del Pueblo,
_c2020.
300 _a230 p. ;
_c28 cm.
505 0 _aMensaje del Dr. Leonel Fernández --
_tFortaleciendo el Estado de derecho --
_tGarantizando el crecimiento, la estabilidad económica y unas finanzas públicas sostenibles --
_tAvanzando hacia un nuevo paradigma de capital intensivo, innovación y productividad --
_tCreando condiciones para el bienestar de los ciudadanos dominicanos --
_t Caminando hacia un país más tranquilo y seguro --
_tConstruyendo la infraestructura hacia RD 2044 --
_tProtegiendo el medio ambiente y los recursos naturales --
590 _aInventariado, 2020 /LP
610 2 4 _aFuerza del Pueblo (República Dominicana)
_981694
650 4 _aPartidos políticas
_zRepública Dominicana
_981696
651 4 _aRepública Dominicana
_xPolítica y gobierno
_y2020-2024
_979113
651 4 _aPlanes de desarrollo
_zRepública Dominicana
_y2020-2024
_981689
710 1 _a Fuerza del Pueblo
_977272
910 _aValidado. Control de calidad MFF
942 _2ddc
_cLBS1
956 _aLOPEREZ
999 _c49063
_d49063